00635nam a22002177a 450000500170000001000150001702000260003203500140005803700090007208200140008110000200009524500670011525000060018226000310018827000570021930000260027670000320030270000290033470000270036370000270039020260518142839.0 aENG-148536 a9789364449793c995.00 aEN-132068 bDBAD 28a657.48 aPhillips, Fred  aFundamentals of Financial Accounting/cFred Phillips...[et.al] a8 aChennaibMcGraw Hillc2026 a5/90 A, Butt Road, St. Thomas MountbChennaie600016 avpp.c28cm(pb)bIndex aProell, Shana Clor-eAuthor aLibby, Patricia eAuthor aAmrinder SingheAuthor aLibby, Robert eAuthor